000
00344nas a2200157 a 4500
001
79561
003
155761
005
20201118111634.0
008
||||||n9999 ||| || ||
245
0
_a
Time - Vol.157 No.12
260
_a
Estados Unidos :
562
_e
1
773
_0
21966
_a
Time
942
_c
SISS
999
_c
79561
_d
79561